000 00621nam a2200229Ia 4500
005 20250425162043.0
008 250425s9999 xx 000 0 und d
020 _a8432960144
041 _aspa
082 _a621.3
100 _aRUIZ VASSALLO, FRANCISCO
245 0 _aENCICLOPEDIA CEAC DE ELECTRICIDAD: ELECTRONICA INDUSTRIAL, COMPONENTES Y CIRCUITOS BASICOS
250 _a2A ED.
260 _aBARCELONA
260 _aEspaƱa
_bCEAC
_c1985
300 _a924
650 _aDISPOSITIVOS ELECTRONICOS
650 _aELECTRONICA INDUSTRIAL
650 _aVALVULAS ELECTRONICAS
942 _c01
010 _a44180
999 _c221410
_d221410